00509nam a22001697a 450000500170000001000150001702000260003203500140005803700090007208200110008110000230009224500480011525000060016326000450016927001040021430000210031820240816102606.0 aENG-141042 c200.00a9789358195446 aEN-124574 bDBAD a88121 aSaikia, Kritashree aThe Bond of Eternity/cBy Kritashree Saikia a1 aUttar PradeshbBLUEROSE PUBLISHERSc2023 bUttar PradeshaABL Workspaces, B-6, Amaltash Marg, Block B, Sector 4, Noida, Uttar Pradesh e201301 a136p.c20cm(pbk)